| 000 | 00987nam a2200241Ia 4500 | ||
|---|---|---|---|
| 003 | OSt | ||
| 005 | 20200710234850.0 | ||
| 008 | 191128t2002 ck ad fr 000 0 spa d | ||
| 020 | _a9701506693 | ||
| 040 |
_aCO-JMCR _cCO-JMCR |
||
| 041 | 0 | _aspa | |
| 082 | 0 | 4 |
_a337.1 / _bO771e _223 |
| 100 | 1 |
_aOssa Scaglia, Fernando, _eautor _97042 |
|
| 245 | 1 | 0 |
_aEconomía internacional : _baspectos reales / _cFernando Ossa Scaglia |
| 250 | _a2a. edición | ||
| 260 |
_aBogotá : _bAlfaomega, _c©2002 |
||
| 300 |
_a322 páginas : _bgráficos a blanco y negro ; _c23 cm. |
||
| 504 | _aBibliografía: páginas 299-313 | ||
| 505 | 0 | _aEquilibrio general en autarquía y bajo el libre comercio -- Comercio internacional y bienestar -- Ventaja comparativa: la teoría Ricardina y teoría de Heckscher-Ohlin -- Economías de escala y comercio internacional: la competencia monopolística | |
| 650 | 1 | 4 |
_aEconomía internacional _97043 |
| 650 | 1 | 4 |
_aComercio internacional _94034 |
| 942 |
_2ddc _cBK |
||
| 999 |
_c5820 _d5820 |
||